Music Quiz

Random Music or Singers Quiz

Profile: Eric Clapton Quiz Stats

 Plays Quiz Updated Jan 20, 2012

Challenge
Share
Tweet
Embed
Score 0/32 Timer 07:00
1 Play Today
Clue Answer % Correct
Supergroup he formed in 1966 with Jack Bruce and Ginger BakerCream
91.8%
Its hit 7-minute song about unrequited love with two distinct movementsLayla
77.4%
Band (inducted into the Rock and Roll Hall of Fame) he joined in 1963The Yardbirds
65.7%
Grammy-winning ballad about the incidentTears in Heaven
63.4%
US #1 hit from that album, a cover of a Bob Marley songI Shot the Sheriff
61.5%
1970 band that formed out of Delaney, Bonnie & FriendsDerek and the Dominos
56.4%
His nickname, and his 1977 album that included 'Wonderful Tonight'Slowhand
53.5%
Member of The Who who helped Clapton overcome heroin addictionPete Townshend
48.6%
Harrison-penned Beatles song off of 'The Beatles' that features ClaptonWhile My Guitar Gently Weeps
43.8%
Hall of Fame guitarist who replaced Clapton in the band that yearJeff Beck
43.7%
1975 film, based on a rock opera, in which he played 'The Preacher'Tommy
41.9%
1992 live album that won the Grammy for Album of the YearUnplugged
38.5%
Its other famed guitarist, a 'Brother' who died in 1971Duane Allman
37.7%
1969 band (and album) with Baker, Steve Winwood, and Ric GrechBlind Faith
34.2%
Singer with whom he recorded 'Blues Breakers with Eric Clapton' in 1966John Mayall
30.7%
Its 1967 psychedelic blues-rock album featuring 'Sunshine of Your Love'Disraeli Gears
30.1%
Clue Answer % Correct
Harrison's wife (and Clapton's future wife) who inspired the songPattie Boyd
29.4%
Harrison and Ravi Shankar's 1971 benefit event that included ClaptonThe Concert for Bangladesh
28.7%
Multiplatinum 2000 blues album recorded with B.B. KingRiding with the King
25.8%
Clapton's son, who died at age 4 after falling out of a window in 1991Conor
25.7%
That album's hit song cowritten by George HarrisonBadge
21.1%
London arts venue where Clapton, Bruce, and Baker reunited in 2005Royal Albert Hall
20.4%
The name he gave his favorite Fender Stratocaster, first played at that showBlackie
19%
Its aptly-titled 1969 final album that hit #1 in the UKGoodbye
19%
South East England county where Clapton was born in 1945Surrey
18.1%
Its debut studio album, and its hit title track, released in 1965For Your Love
16.8%
1974 album Clapton named after his address in Golden Beach, Florida461 Ocean Boulevard
15.9%
Topic of a drunken onstage rant that sparked controversy in 1976Immigration
12.4%
1986 album (released, oddly, in November) with 'Tearing Us Apart'August
11.1%
1982 best-of album that has sold seven million copies in the USTime Pieces: The Best of Eric Clapton
10.9%
1973 concert that was Clapton's comebackEric Clapton's Rainbow Concert
9.7%
1994 #1 album of blues covers, also nominated for Album of the YearFrom the Cradle
8.2%

You're not logged in!

Compare scores with friends on all Sporcle quizzes.
Join for Free
OR
Log In

You Might Also Like...

Show Comments

Extras

Top Quizzes Today


Score Distribution

Your Account Isn't Verified!

In order to create a playlist on Sporcle, you need to verify the email address you used during registration. Go to your Sporcle Settings to finish the process.

Report this User

Report this user for behavior that violates our Community Guidelines.

Details: